[Event "COL-ch Physically limited"]
[Site "Barranquilla"]
[Date "2015.11.30"]
[Round "5.6"]
[White "Restrepo Giraldot, Hugo"]
[Black "Bedoya, Luis Angel"]
[Result "1-0"]
[WhiteElo "1683"]
[BlackElo "1692"]
[PlyCount "53"]
[EventDate "2015.11.28"]
[EventType "swiss"]
[EventRounds "7"]
[EventCountry "COL"]
[SourceTitle "EXT 2024"]
[Source "ChessBase"]
[SourceDate "2023.10.10"]
[SourceVersion "1"]
[SourceVersionDate "2023.10.10"]
[SourceQuality "1"]

1. e4 e5 2. Nf3 Nc6 3. Bb5 d6 4. d4 exd4 5. Nxd4 Bd7 6. 0-0 Nf6 7. Nc3 Be7 8. Re1 0-0 9. a4 Nxd4 10. Qxd4 c6 11. Be2 Be6 12. Be3 Qc7 13. f4 b6 14. f5 Bc8 15. Kh1 Bb7 16. a5 c5 17. Qd3 Bc6 18. Bf4 Rfd8 19. Bf3 Nd7 20. Nd5 Bxd5 21. Qxd5 Ne5 22. a6 Rab8 23. g4 Qc6 24. Ra5 c4 25. g5 Rbc8 26. h4 Qb7 27. Ra3 1-0